Estudio a nivel de prefactibilidad para el reemplazo y ampliación del centro escolar de estudio primarios en el barrio Milagros de Dios, ubicado en el distrito V del municipio de Managua

El presente estudio a nivel de prefactibilidad para el reemplazo y ampliación del centro escolar de estudio en el barrio Milagro de Dios, ubicado en el distrito V del municipio de Managua, departamento de Managua, pretende determinar la rentabilidad social del proyecto para que el Ministerio de Edu...

Full description

Bibliographic Details
Main Authors: Marenco Palacios, Luis Antonio, García López, Guelmar Antonio
Other Authors: Tutor: Aguilera López, Roberto José
Format: Tesis Section = Libro
Language:Undetermined
Spanish
Published: Managua UNI 2018
Subjects:
LEADER 01590nam a2200277Ia 4500
008 240830s9999 xx 000 0 und d
040 |a BIBLIOTECA-RUSB/ M.Mon 658.404 M324 
041 |a spa 
082 |a M.Mon 658.404 M324 
100 1 |a Marenco Palacios, Luis Antonio 
100 1 |b García López, Guelmar Antonio 
245 1 0 |a Estudio a nivel de prefactibilidad para el reemplazo y ampliación del centro escolar de estudio primarios en el barrio Milagros de Dios, ubicado en el distrito V del municipio de Managua 
260 |a Managua  |b UNI  |c 2018 
300 |a 121 p. :il. 
500 |a Contiene: anexos. 
502 |a Tesis (Master en Gerencia de Proyectos de Desarrollo.) - UNI, 2018. 
520 3 |a El presente estudio a nivel de prefactibilidad para el reemplazo y ampliación del centro escolar de estudio en el barrio Milagro de Dios, ubicado en el distrito V del municipio de Managua, departamento de Managua, pretende determinar la rentabilidad social del proyecto para que el Ministerio de Educación mejore la calidad de los servicios educativos brindados, abordando los aspectos de infraestructura y equipamiento a 745 niños en las edades de cinco a doce años de manera que contribuya al mejoramiento de la calidad de vida de la comunidad. 
650 7 |a ADMINISTRACION DE PROYECTOS 
650 7 |b  ESTUDIO DE FACTIBILIDAD 
650 7 |c  construcción CENTRO ESCOLAR-PROYECTOS-MANAGUA 
650 7 |d  ESTUDIO DE MERCADO 
650 7 |e  EVALUACION FINANCIERA 
700 1 |a Tutor:  |b Aguilera López, Roberto José 
942 |c BK  |2 ddc 
991 |a TESIS 
999 |c 19453